Sleeping beauty [

The princess will prick her fingeron the spindle of a spining wheel and fall asleep for one hundred years

Bibliographic Details
Format: Book
Published: s.l. : Pickwick Video , 1991
Subjects:

MARC

LEADER 00000cam a2200000 7i4500
001 0000000397
002 000000473
005 .0
020 |a 000000473 
090 0 0 |a JF   |b SLE 
245 0 0 |a Sleeping beauty [  |h video recording] 
260 |a s.l. :   |b Pickwick Video ,   |c 1991 
300 |a 1 videocassette VHS (25:00 min) :   |b Col.(PAL) 
500 |a Library has 1 copy 
520 0 |a The princess will prick her fingeron the spindle of a spining wheel and fall asleep for one hundred years 
650 0 0 |a Fairy tales   |x cartoons and caricatures 
999 |a PV0213   |b VIDEO   |c JUNIOR REFERENCE   |e PERPUSTAKAAN KOMUNITI PETALING JAYA